ポケポケのパック名 - Statistics

General Stats
  • This quiz has been taken 22 times
  • The average score is 9 of 12
Answer Stats
Hint Answer % Correct
2024年12月17日リリース 幻のいる島
100%
最初からある 最強の遺伝子リザードン
95%
最初からある 最強の遺伝子ミュウツー
95%
最初からある 最強の遺伝子ピカチュウ
95%
2025年3月27日リリース シャイニングハイ
85%
2025年1月30日リリース 時空の激闘ディアルガ
75%
2025年1月30日リリース 時空の激闘パルキア
75%
2025年2月28日リリース 超克の光
75%
2025年5月29日リリース 異次元クライシス
70%
2025年6月26日リリース イーブイガーデン
60%
2025年4月30日リリース 双天の守護者ソルガレオ
55%
2025年4月30日リリース 双天の守護者ルナアーラ
55%
No matching quizzes found
Score Distribution
Percent of People with Each Score
Percentile by Number Answered
Your Score History
You have not taken this quiz